| 000 | 00369nam a2200145Ia 4500 | ||
|---|---|---|---|
| 008 | 240729s9999 xx 000 0 und d | ||
| 022 | _a2621-8372 | ||
| 245 | 0 | _aJurnal Respirasi | |
| 260 | _aIndonesia | ||
| 260 | _bUniversitas Airlangga | ||
| 650 | _aMedicine | ||
| 856 | _uhttps://doaj.org/toc/21dc2ca9477e4470b3f0c356b144d2cd | ||
| 942 | _2ddc | ||
| 942 | _cDOAJEJ | ||
| 999 |
_c71273 _d71273 |
||
| 945 |
_a1 _bMadushi Gamage _c1 _dMadushi Gamage |
||